|
|
|
|
| LEADER |
00000cam a2200000 7i4500 |
| 001 |
0000023541 |
| 005 |
20111010.0 |
| 008 |
111007s njua eng |
| 020 |
|
|
|a 9780470073988
|
| 040 |
|
|
|a INS
|
| 090 |
0 |
0 |
|a HV6432
|b T57 2008
|
| 245 |
0 |
0 |
|a Threats to homeland security : an all-hazards perspective
|c editor Richard J. Kilroy
|
| 260 |
|
|
|a Hoboken :
|b john Wiley & Sons ,
|c 2008
|
| 300 |
|
|
|a xxiii, 381p. :
|b ill. ;
|c 23cm.
|
| 500 |
|
|
|a Includes index
|
| 504 |
|
|
|a Bibliography : p.341-357
|
| 650 |
|
0 |
|a Civil defence
|z United Staes
|v Textbooks
|
| 650 |
|
0 |
|a Emergency management
|z United Staes
|v Textbooks
|
| 650 |
|
0 |
|a National security
|z United Staes
|v Textbooks
|
| 650 |
|
0 |
|a Terrorism
|z United Staes
|x prevention
|v Textbooks
|
| 700 |
1 |
|
|a Kilroy, Richard J
|
| 999 |
|
|
|a 1000000185
|b BOOK
|c Open Shelf
|e Default branch
|